Αρχαία ελληνική γραμματολογία
Αποθηκεύτηκε σε:
| Κύριος συγγραφέας: | |
|---|---|
| Μορφή: | Βιβλίο |
| Γλώσσα: | Greek |
| Δημοσίευση: |
[Αθήνα] :
Δημοσιογραφικός Οργανισμός Λαμπράκη,
c2013.
|
| Σειρά: | Αρχαιογνωσία και αρχαιογλωσσία
|
| Θέματα: | |
| Ετικέτες: |
Προσθήκη ετικέτας
Δεν υπάρχουν, Καταχωρήστε ετικέτα πρώτοι!
|
MARC
| LEADER | 00000cam a2200000 i 4500 | ||
|---|---|---|---|
| 001 | 1/29756 | ||
| 008 | 130520s2013 gr | ||| |||| ||gre|| | ||
| 020 | |a 9789605033187 | ||
| 035 | |l 10114437 | ||
| 040 | |a GR-MyUa |b gre |e AACR2 | ||
| 041 | 0 | |a gre | |
| 082 | 7 | |a 880.9 |2 (22) | |
| 100 | 1 | |a Κακριδής, Φάνης Ι., |d 1933-2019. | |
| 245 | 1 | 0 | |a Αρχαία ελληνική γραμματολογία / |c Φάνης Ι. Κακριδής. |
| 260 | |a [Αθήνα] : |b Δημοσιογραφικός Οργανισμός Λαμπράκη, |c c2013. | ||
| 300 | |a 331 σ. ; |c 23 εκ. | ||
| 490 | 1 | |a (Αρχαιογνωσία και αρχαιογλωσσία) | |
| 500 | |a Διανέμεται δωρεάν με την εφημερίδα "Το Βήμα". | ||
| 504 | |a Βιβλιογραφία: σ. 302. Ευρετήριο. | ||
| 650 | 0 | |a Greek literature |x History and criticism. | |
| 650 | 0 | |a Greek literature, Hellenistic |x History and criticism. | |
| 830 | 0 | |a Αρχαιογνωσία και αρχαιογλωσσία | |
| 852 | |a INST |b SYROS |e 20130520 |h 880.9 ΚΑΚ |p 005500010821 |q 005500010821 |t BK |y 0 | ||
| 901 | |a BIBL5-2013-1 | ||
| 970 | |a Κοντού |b Παρασκευή |z 20/05/2013 | ||